Mundo islámico - Estadísticas

Estadísticas generales
  • Esta prueba ha sido intentada 132 veces
    119 desde el último reinicio
  • La puntuación promedio es 40 de 49
Estadísticas de respuestas
Continente País % Correcto
África Egipto
98%
Asia Irak
96%
África Marruecos
96%
Asia Irán
94%
Asia Turquía
94%
África Libia
93%
Asia Arabia Saudí
91%
África Argelia
91%
África Sudán
91%
África Mali
90%
Asia Siria
90%
Asia Afganistán
89%
África Mauritania
89%
África Chad
88%
Asia Líbano
88%
Asia Omán
88%
África Somalia
88%
Asia Yemen
88%
Asia Catar
87%
África Túnez
87%
Asia Jordania
85%
África Níger
85%
Asia Pakistán
85%
Europa Albania
84%
África Nigeria
84%
Asia Turkmenistán
84%
Asia Baréin
83%
Asia Indonesia
83%
Asia Kazajistán
82%
Asia Azerbaiyán
80%
Asia Emiratos Árabes Unidos
80%
Asia Kuwait
80%
África Senegal
80%
Asia Uzbekistán
80%
Asia Kirguistán
79%
Europa Kosovo
79%
Asia Malasia
79%
Asia Bangladés
78%
África Guinea
77%
Asia Tayikistán
77%
Europa Bosnia & Herzegovina
76%
África Burkina Faso
73%
Asia Maldivas
71%
Asia Brunéi
67%
África Gambia
67%
África Sierra Leona
65%
África Yibuti
63%
África Comoras
62%
África Guinea-Bisáu
39%
No se encontraron pruebas coincidentes
Distribución de puntuación
Porcentaje de gente con cada puntuación
Porcentaje por número respondido
Historial de tus puntuaciones
No has intentado esta prueba desde el último reinicio